000 00525nam a22002297a 4500
003 UA-OsUOA
001 48498
007 ta
008 20070907b un ||||| |||| 00| 0 ukr d
100 _aЯновська Л.
090 _a821,161,2
_bЯ64
942 _cBK
040 _aUA-OsUOA
_bukr
_cUA-OsUOA
_dUA-OsUOA
245 _aОповідання повісті
300 _a712 с.
955 _a2
041 _aukr
080 _a821,161,2
260 _aК.
_bДніпро
_c1991
650 7 _2UDC
999 _c334537
_d334537